State Quiz: Illinois Stats

 Plays Quiz Updated Sep 9, 2017

Challenge
Share
Tweet
Embed
Score 0/42 Timer 06:00
0 Plays Today
Hint Answer % Correct
Largest CityChicago
93.8%
Bordering StateIndiana
90.8%
Bordering Great LakeLake Michigan
90.6%
Bordering StateWisconsin
88%
Capital CitySpringfield
88%
Bordering StateMissouri
88%
Big 10 TeamUniversity of Illinois
87.8%
Bordering StateIowa
87.4%
State Song'Illinois'
87.4%
Time ZoneCentral
86.1%
NFL TeamChicago Bears
85.5%
MLB Team Chicago Cubs
85.1%
MLB Team Chicago White Sox
83.3%
NBA TeamChicago Bulls
83.2%
Bordering StateKentucky
81.7%
Bordering RiverMississippi River
80.5%
Largest AirportO'Hare International Airport
77.4%
NHL TeamChicago Blackhawks
76.7%
Tallest BuildingWillis Tower
74.5%
Number of U.S. Representatives18
74.1%
Bordering RiverOhio River
70.5%
Hint Answer % Correct
# State to Enter Union21st
68.1%
Population (in millions)12.8 million
62.3%
Most Populous CountyCook
59.3%
Big 10 TeamNorthwestern University
58.3%
MLS TeamChicago Fire
53.9%
Official NameState of Illinois
53.7%
State NicknamePrairie State, Land of Lincoln
47.5%
State BirdCardinal
47.4%
Year Admitted to Union1818
46.9%
Bird on State FlagBald Eagle
43.1%
Only President born in IllinoisRonald Reagan
39.2%
State TreeWhite Oak
36%
DemonymIllinoisan
33.5%
GovernorBruce Rauner
28.6%
U.S. SenatorRichard Durbin
28.5%
U.S. SenatorTammy Duckworth
23.6%
Number of Counties102
21.2%
Bordering RiverWabash River
17.5%
State FlowerIllinois Native Violet
9.4%
State LegislatureIllinois General Assembly
8.5%
Highest Point Charles Mound
7.2%

You're not logged in!

Compare scores with friends on all Sporcle quizzes.
Join for Free
OR
Log In

You Might Also Like...

Show Comments

Extras

Top Quizzes Today


Score Distribution

Your Account Isn't Verified!

In order to create a playlist on Sporcle, you need to verify the email address you used during registration. Go to your Sporcle Settings to finish the process.

Report this User

Report this user for behavior that violates our Community Guidelines.

Details: